000 00785nam a2200205Ia 4500
008 090124s9999 xx 000 0 und d
020 _a81-7425-128-6
082 _b43821
100 _aलाला आर. एम.
245 _a जे.आर.डी. टाटा यांच्याशी सुखसंवाद
250 _a2
260 _bउत्कर्ष प्रकाशन
_c2005
300 _a227
600 _aलाला आर. एम.
630 _a जे.आर.डी. टाटा यांच्याशी सुखसंवाद
700 _aलाला आर. एम.
700 _aपाध्ये अशोक
730 _a जे.आर.डी. टाटा यांच्याशी सुखसंवाद
942 _cBOOK
999 _c110034
_d110034